000 00686nam a2200229Ia 4500
003 IN-BaIIA
008 211028s9999 xx 000 0 eng d
020 _a0-471-40815-8
040 _cIIA Library
080 _a535
_bLIZ-II
100 _aLizuka, K
_927058
245 0 _aElements of photonics
_bvol. 2, for fibre and integrated optics
_cK. Lizuka
260 _aNew York
_bJohn Wiley & Sons
_c2002
300 _axxviii, 605-1197p.
490 _aWiley series in pure and applied optics
650 _aAnistropic crystals
_927059
650 _aBoundary conditions
_927060
650 _aFourier optics
_913622
650 _aOptical properties
_93730
650 _aOptics
942 _cBK
999 _c14958
_d14958